Notes on optimal debt management (Registro nro. 30359)
[ vista simple ]
| 000 -LEADER | |
|---|---|
| fixed length control field | 00325 a2200109 4500 |
| 001 - CONTROL NUMBER | |
| control field | ART_28075 |
| 005 - DATE AND TIME OF LATEST TRANSACTION | |
| control field | 20260410161951.0 |
| 008 - FIXED-LENGTH DATA ELEMENTS--GENERAL INFORMATION | |
| fixed length control field | 260409a |
| 100 1# - MAIN ENTRY--PERSONAL NAME | |
| Personal name | Barro, Robert J. |
| 245 10 - TITLE STATEMENT | |
| Title | Notes on optimal debt management |
| 773 0# - HOST ITEM ENTRY | |
| Title | Journal of applied economics |
| Related parts | - Vol. 2, Nº 2 (nov. 1999) |
| Record control number | REV28044 |
No hay ítems disponibles.